Principles and Practice of Accountancy (Record no. 12159)

MARC details
000 -LEADER
fixed length control field 00393nam a22001697a 4500
003 - CONTROL NUMBER IDENTIFIER
control field OSt
008 - FIXED-LENGTH DATA ELEMENTS--GENERAL INFORMATION
fixed length control field 240103b |||||||| |||| 00| 0 eng d
020 ## - INTERNATIONAL STANDARD BOOK NUMBER
International Standard Book Number 9789351611479
082 ## - DEWEY DECIMAL CLASSIFICATION NUMBER
Classification number 657
100 ## - MAIN ENTRY--PERSONAL NAME
Personal name GUPTA,RL
245 ## - TITLE STATEMENT
Title Principles and Practice of Accountancy
250 ## - EDITION STATEMENT
Edition statement 14th Ed Rev
260 ## - PUBLICATION, DISTRIBUTION, ETC. (IMPRINT)
Place of publication, distribution, etc New Delhi
Name of publisher, distributor, etc S Chand
Date of publication, distribution, etc 2021
300 ## - PHYSICAL DESCRIPTION
Extent MISC
700 ## - ADDED ENTRY--PERSONAL NAME
Personal name GUPTA,VK
942 ## - ADDED ENTRY ELEMENTS (KOHA)
Source of classification or shelving scheme Dewey Decimal Classification
Koha item type Text Books
Holdings
Withdrawn status Lost status Source of classification or shelving scheme Damaged status Not for loan Collection code Home library Current library Date acquired Source of acquisition Currency Cost, normal purchase price Bill Number Total Checkouts Full call number Acc. no. / Barcode Date last seen Actual Cost, discounted price Bill Date Koha item type Date last borrowed
    Dewey Decimal Classification     BBA PIET C-LIBRARY PIET C-LIBRARY 23/12/2023 Zafaa Books and Distributors In rupees 695.00 ZBD0295   657 GUA 35266 03/01/2024 556.00 23/12/2023 Reference Books  
    Dewey Decimal Classification     BBA PIET C-LIBRARY PIET C-LIBRARY 23/12/2023 Zafaa Books and Distributors In rupees 695.00 ZBD0295   657 GUP 35267 03/01/2024 556.00 23/12/2023 Text Books  
    Dewey Decimal Classification     BBA PIET C-LIBRARY PIET C-LIBRARY 23/12/2023 Zafaa Books and Distributors In rupees 695.00 ZBD0295 1 657 GUA 35268 14/01/2025 556.00 23/12/2023 Text Books 13/12/2024
    Dewey Decimal Classification     BBA PIET C-LIBRARY PIET C-LIBRARY 23/12/2023 Zafaa Books and Distributors In rupees 695.00 ZBD0295   657 GUA 35269 03/01/2024 556.00 23/12/2023 Text Books  
    Dewey Decimal Classification     BBA PIET C-LIBRARY PIET C-LIBRARY 23/12/2023 Zafaa Books and Distributors In rupees 695.00 ZBD0295   657 GUA 35270 03/01/2024 556.00 23/12/2023 Text Books  
    Dewey Decimal Classification     BBA PIET C-LIBRARY PIET C-LIBRARY 23/12/2023 Zafaa Books and Distributors In rupees 695.00 ZBD0295   657 GUA 35271 03/01/2024 556.00 23/12/2023 Text Books  
    Dewey Decimal Classification     BBA PIET C-LIBRARY PIET C-LIBRARY 23/12/2023 Zafaa Books and Distributors In rupees 695.00 ZBD0295   657 GUA 35272 03/01/2024 556.00 23/12/2023 Text Books  
    Dewey Decimal Classification     BBA PIET C-LIBRARY PIET C-LIBRARY 23/12/2023 Zafaa Books and Distributors In rupees 695.00 ZBD0295 1 657 GUA 35273 04/02/2025 556.00 23/12/2023 Text Books 13/12/2024
    Dewey Decimal Classification     BBA PIET C-LIBRARY PIET C-LIBRARY 23/12/2023 Zafaa Books and Distributors In rupees 695.00 ZBD0295   657 GUA 35274 03/01/2024 556.00 23/12/2023 Text Books  
    Dewey Decimal Classification     BBA PIET C-LIBRARY PIET C-LIBRARY 23/12/2023 Zafaa Books and Distributors In rupees 695.00 ZBD0295 1 657 GUA 35275 30/09/2024 556.00 23/12/2023 Text Books 23/09/2024

Design & Developed by: PIET Central Library
R70 Miles Stone Pattikalyana Samalkha Panipat 132102
mail ID :- [email protected], Phone No:- 0180-2569700 Ex.216